[Event "IRL-ch 103rd"]
[Site "Dublin"]
[Date "2024.08.10"]
[Round "8"]
[White "Sidney, Will"]
[Black "Murchadha, Oissine"]
[Result "0-1"]
[WhiteElo "1889"]
[BlackElo "1957"]
[PlyCount "59"]
[EventDate "2024.08.03"]
[EventType "swiss"]
[EventRounds "9"]
[EventCountry "IRL"]
[SourceTitle "CBM 221 Extra"]
[Source "ChessBase"]
[SourceDate "2024.09.30"]
[SourceVersion "1"]
[SourceVersionDate "2024.09.30"]
[SourceQuality "1"]

1. e4 e5 2. Nf3 Nc6 3. c3 d5 4. Qa4 Bd7 5. exd5 Nd4 6. Qd1 Nxf3+ 7. Qxf3 Nf6 8. Bc4 b5 9. Bb3 a5 10. d3 h6 11. h3 a4 12. Bc2 Bd6 13. Be3 0-0 14. Nd2 Rc8 15. 0-0 c6 16. dxc6 Bxc6 17. Qe2 Nd5 18. Ne4 Bb8 19. Bc5 f5 20. Bxf8 Qxf8 21. g3 fxe4 22. dxe4 Nf6 23. Rad1 Qf7 24. b3 Rf8 25. Rd2 Qg6 26. Re1 Ba7 27. Rd6 Qxg3+ 28. Kh1 Qxh3+ 29. Kg1 Ng4 30. Qd1 0-1

[Event "IRL-ch 103rd"]
[Site "Dublin"]
[Date "2024.08.06"]
[Round "4"]
[White "Freeman, Gordon"]
[Black "Murchadha, Oissine"]
[Result "1-0"]
[WhiteElo "2071"]
[BlackElo "1957"]
[PlyCount "162"]
[EventDate "2024.08.03"]
[EventType "swiss"]
[EventRounds "9"]
[EventCountry "IRL"]
[SourceTitle "CBM 221 Extra"]
[Source "ChessBase"]
[SourceDate "2024.09.30"]
[SourceVersion "1"]
[SourceVersionDate "2024.09.30"]
[SourceQuality "1"]

1. d4 d5 2. Nf3 Nf6 3. c4 e6 4. e3 a6 5. Nbd2 c5 6. Bd3 Nc6 7. 0-0 dxc4 8. Nxc4 cxd4 9. exd4 Nb4 10. Bb1 Be7 11. Bg5 0-0 12. Ne3 Nfd5 13. Bxe7 Nxe7 14. Ng5 g6 15. Qg4 h5 16. Qh4 Nf5 17. Bxf5 exf5 18. d5 f4 19. Qxf4 Nxd5 20. Nxd5 Qxd5 21. Rfe1 Qf5 22. Qg3 Qg4 23. Re7 Qxg3 24. hxg3 Bf5 25. Rxb7 Rab8 26. Rxb8 Rxb8 27. b3 Rc8 28. Nf3 Be4 29. Nd4 Bd5 30. Rd1 Kf8 31. f3 a5 32. Rd2 Ra8 33. Nb5 Bc6 34. Nc3 Rc8 35. Ne2 Bb5 36. Kf2 Rb8 37. Nd4 Bd7 38. Nc2 Be6 39. Nd4 Bd7 40. Nc2 Be6 41. Ne3 a4 42. bxa4 Rb4 43. Rd8+ Ke7 44. Nd5+ Bxd5 45. Rxd5 Rb2+ 46. Kg1 Rxa2 47. a5 Ra1+ 48. Kh2 Rb1 49. Rg5 Kd6 50. g4 h4 51. g3 Rb2+ 52. Kh3 hxg3 53. Kxg3 Ra2 54. Rb5 Kc6 55. Rb6+ Kd7 56. a6 Ke7 57. Kh4 Kf8 58. Kg5 Kg7 59. f4 Ra1 60. f5 gxf5 61. gxf5 Ra5 62. Kf4 Ra4+ 63. Kg5 Ra5 64. Rc6 Ra1 65. f6+ Kh7 66. Kf5 Ra5+ 67. Ke4 Kg6 68. Kd4 Ra1 69. Kc5 Ra2 70. Kb6 Rb2+ 71. Kc7 Ra2 72. Kb7 Rb2+ 73. Rb6 Rd2 74. a7 Rd7+ 75. Ka6 Rd8 76. Rb8 Rd1 77. a8Q Ra1+ 78. Kb5 Rxa8 79. Rxa8 Kxf6 80. Kc4 Ke5 81. Kd3 Kd5 1-0

[Event "Sitges Sunway op 10th"]
[Site "Sitges"]
[Date "2023.12.20"]
[Round "8"]
[White "Karamsetty, Jeevan"]
[Black "Murchadha, Oissine"]
[Result "1/2-1/2"]
[WhiteElo "2275"]
[BlackElo "1975"]
[PlyCount "101"]
[EventDate "2023.12.12"]
[EventType "swiss"]
[EventRounds "10"]
[EventCountry "ESP"]
[SourceTitle "EXT 2025"]
[Source "ChessBase"]
[SourceDate "2024.10.14"]
[SourceVersion "1"]
[SourceVersionDate "2024.10.14"]
[SourceQuality "1"]

1. e4 e5 2. Nc3 Nf6 3. g3 Bc5 4. Bg2 d6 5. Na4 Bb6 6. Nxb6 axb6 7. Ne2 Nc6 8. d4 Nxd4 9. Nxd4 exd4 10. Qxd4 0-0 11. b3 Nd7 12. 0-0 Qf6 13. c3 Qxd4 14. cxd4 f5 15. e5 dxe5 16. dxe5 Nc5 17. Be3 Ne6 18. f4 b5 19. a4 bxa4 20. bxa4 Rd8 21. a5 c6 22. Bb6 Rd7 23. Rad1 Rxd1 24. Rxd1 Kf7 25. Kf2 Ke7 26. Ke3 Bd7 27. g4 g6 28. h3 Rf8 29. g5 h6 30. gxh6 Rh8 31. Kf3 Rxh6 32. Be3 Rh5 33. Kg3 g5 34. fxg5 Nxg5 35. Bc5+ Ke8 36. Bd6 Ne4+ 37. Bxe4 fxe4 38. h4 Be6 39. Rb1 Bc8 40. Rb4 Kd7 41. Kg4 Rh8 42. Rxe4 Ke6 43. Rf4 Rg8+ 44. Kh5 c5 45. Kh6 Kd5 46. h5 c4 47. Kh7 Rg1 48. Bb4 Rb1 49. Bd2 Rb2 50. Bc3 Rb3 51. Bd2 1/2-1/2

[Event "Sitges Sunway op 10th"]
[Site "Sitges"]
[Date "2023.12.18"]
[Round "6"]
[White "Real, Thibault"]
[Black "Murchadha, Oissine"]
[Result "1-0"]
[WhiteElo "2280"]
[BlackElo "1975"]
[PlyCount "67"]
[EventDate "2023.12.12"]
[EventType "swiss"]
[EventRounds "10"]
[EventCountry "ESP"]
[SourceTitle "EXT 2025"]
[Source "ChessBase"]
[SourceDate "2024.10.14"]
[SourceVersion "1"]
[SourceVersionDate "2024.10.14"]
[SourceQuality "1"]

1. c4 e6 2. Nc3 d5 3. e3 Nf6 4. Nf3 dxc4 5. Bxc4 a6 6. 0-0 b5 7. Bb3 Bb7 8. Qe2 c5 9. d3 Nc6 10. a4 Qb6 11. e4 Be7 12. Be3 h5 13. h3 Nd4 14. Qd1 Nxf3+ 15. Qxf3 g5 16. Bxg5 Nd7 17. Bf4 0-0-0 18. axb5 axb5 19. Rfc1 Bf6 20. Be3 Kb8 21. Bf4+ Be5 22. Rd1 f6 23. Rac1 h4 24. Rc2 Rh7 25. Ne2 Rg8 26. d4 c4 27. dxe5 cxb3 28. exf6+ e5 29. Qxb3 Rxg2+ 30. Kxg2 Bxe4+ 31. Kf1 exf4 32. Qg8+ Ka7 33. Ra1+ Kb7 34. Qa8# 1-0

[Event "IRL-ch 102nd"]
[Site "Dublin"]
[Date "2023.08.07"]
[Round "3"]
[White "Kennedy, John"]
[Black "Murchadha, Oissine"]
[Result "1-0"]
[WhiteElo "2076"]
[BlackElo "1875"]
[PlyCount "83"]
[EventDate "2023.08.05"]
[EventType "swiss"]
[EventRounds "9"]
[EventCountry "IRL"]
[SourceTitle "CBM 215 Extra"]
[Source "ChessBase"]
[SourceDate "2023.09.30"]
[SourceVersion "1"]
[SourceVersionDate "2023.09.30"]
[SourceQuality "1"]

1. Nf3 f5 2. e4 fxe4 3. Ng5 Nf6 4. d3 e5 5. dxe4 h6 6. Nf3 Nc6 7. Nh4 Bc5 8. Nf5 0-0 9. Bxh6 d5 10. Be3 Nxe4 11. Bxc5 Nxc5 12. Ng3 Be6 13. Be2 Qh4 14. 0-0 Rf6 15. Nd2 e4 16. Re1 Raf8 17. f3 Ne5 18. a4 Rh6 19. Ndf1 Bh3 20. Qxd5+ Ne6 21. Qxe5 Bxg2 22. Bc4 Kh8 23. Bxe6 Bxf1 24. Rxe4 Qxh2+ 25. Kxf1 Rxf3+ 26. Ke1 Rxg3 27. Bc4 Rg1+ 28. Bf1 Qh1 29. Rf4 Rhg6 30. Ra3 R1g2 31. Qe4 Qg1 32. Qe8+ Kh7 33. Rh3+ Rh6 34. Rxh6+ Kxh6 35. Rh4+ Kg5 36. Qh5+ Kf6 37. Rf4+ Ke6 38. Qf5+ Kd6 39. Qd3+ Ke6 40. Re4+ Kf7 41. Qf3+ Kg6 42. Qxg2+ 1-0

[Event "Enniscrone Sligo Spring op"]
[Site "Enniscrone"]
[Date "2023.02.03"]
[Round "1"]
[White "Murchadha, Oissine"]
[Black "Gubanov, Oleg"]
[Result "0-1"]
[WhiteElo "1884"]
[BlackElo "2266"]
[PlyCount "136"]
[EventDate "2023.02.03"]
[EventType "swiss"]
[EventRounds "5"]
[EventCountry "IRL"]
[SourceTitle "CBM 212 Extra"]
[Source "ChessBase"]
[SourceDate "2023.03.31"]
[SourceVersion "1"]
[SourceVersionDate "2023.03.31"]
[SourceQuality "1"]

1. e4 c5 2. Nf3 Nc6 3. Bb5 e6 4. Bxc6 bxc6 5. 0-0 Ne7 6. e5 Ng6 7. c3 Be7 8. d4 0-0 9. h4 cxd4 10. h5 Nh8 11. h6 dxc3 12. hxg7 Kxg7 13. Nxc3 f5 14. exf6+ Bxf6 15. Ne4 Ng6 16. Nh2 Be7 17. Ng4 Rf5 18. b3 e5 19. Ng3 Rf7 20. Nh6 Rf8 21. Nhf5+ Kg8 22. Bh6 Rf7 23. Qh5 d5 24. Kh2 Bf6 25. Bd2 Bxf5 26. Nxf5 Bg5 27. Nh6+ Bxh6 28. Bxh6 Qh4+ 29. Qxh4 Nxh4 30. Rac1 Rc8 31. f3 Ng6 32. g3 Rd7 33. Rc5 Kf7 34. Rfc1 Rdc7 35. b4 Ke6 36. Kg2 Kd6 37. Kf2 Ne7 38. Bg5 Nf5 39. g4 Nd4 40. Rh1 Rf7 41. Rh6+ Kd7 42. Bf6 Rcf8 43. g5 Ne6 44. Rc1 Rg8 45. Rg1 e4 46. Ke3 exf3 47. Kf2 Kd6 48. Re1 Rg6 49. Rh5 Kd7 50. Ke3 Kd6 51. Kf2 c5 52. bxc5+ Nxc5 53. Kxf3 Ne4 54. Ke3 h6 55. Kd4 hxg5 56. Be5+ Ke6 57. Rh8 Rf2 58. Re8+ Kd7 59. Ra8 Rd2+ 60. Ke3 Ra6 61. Kf3 Ke6 62. Bh8 Rh2 63. Re8+ Kf7 64. Rc8 Kg6 65. Bd4 Ra3+ 66. Re3 Rf2+ 67. Kg4 Rf4+ 68. Kh3 Rxe3+ 0-1

[Event "Warsaw Chess op-A"]
[Site "Warsaw"]
[Date "2022.07.20"]
[Round "3"]
[White "Murchadha, Oissine"]
[Black "Ciborowski, Konrad Jr"]
[Result "1/2-1/2"]
[WhiteElo "1984"]
[BlackElo "1904"]
[PlyCount "86"]
[EventDate "2022.07.18"]
[EventType "swiss"]
[EventRounds "9"]
[EventCountry "POL"]
[SourceTitle "CBM 209 Extra"]
[Source "ChessBase"]
[SourceDate "2022.09.30"]
[SourceVersion "1"]
[SourceVersionDate "2022.09.30"]
[SourceQuality "1"]

1. e4 c5 2. Nf3 g6 3. c4 Nc6 4. d4 cxd4 5. Nxd4 Nf6 6. Nc3 d6 7. Be2 Nxd4 8. Qxd4 Bg7 9. 0-0 0-0 10. Qd2 a5 11. Rb1 a4 12. f3 Be6 13. Nb5 Nd7 14. Kh1 Nc5 15. Nd4 Bd7 16. Rd1 Qb6 17. b4 axb3 18. axb3 Rfc8 19. Bf1 Ne6 20. Nxe6 Bxe6 21. Qe3 Qa5 22. Bd2 Qh5 23. Qg5 Qxg5 24. Bxg5 Kf8 25. Be3 Ra2 26. Bd3 Bc3 27. Rdc1 Bb4 28. Rd1 Rca8 29. Bf1 R8a3 30. Bh6+ Ke8 31. Bc1 Ra5 32. Be3 Bd7 33. Bb6 R5a3 34. Bd4 f5 35. e5 Ra5 36. exd6 Bxd6 37. b4 R5a4 38. c5 Bf4 39. Bc4 R2a3 40. Bb2 Re3 41. Bd4 Rea3 42. Bb2 Re3 43. Bd4 Rea3 1/2-1/2

[Event "Warsaw Najdorf Memorial op-A 19th"]
[Site "Warsaw"]
[Date "2022.07.16"]
[Round "8"]
[White "Murchadha, Oissine"]
[Black "Lasota, Adam"]
[Result "1/2-1/2"]
[WhiteElo "1984"]
[BlackElo "1892"]
[PlyCount "183"]
[EventDate "2022.07.09"]
[EventType "swiss"]
[EventRounds "9"]
[EventCountry "POL"]
[SourceTitle "CBM 209 Extra"]
[Source "ChessBase"]
[SourceDate "2022.09.30"]
[SourceVersion "1"]
[SourceVersionDate "2022.09.30"]
[SourceQuality "1"]

1. e4 c5 2. Nf3 e6 3. g3 Nc6 4. Bg2 Qc7 5. 0-0 Nf6 6. Qe2 d5 7. exd5 Nxd5 8. c4 Nf6 9. Rd1 Bd7 10. Nc3 a6 11. d4 cxd4 12. Nxd4 Nxd4 13. Rxd4 Bc5 14. Rd1 0-0 15. Bf4 Qc8 16. Be5 Be7 17. Ne4 Nxe4 18. Bxe4 Bc6 19. Bc2 Rd8 20. Qh5 g6 21. Qh6 Bf8 22. Qg5 Bg7 23. Rxd8+ Qxd8 24. Qxd8+ Rxd8 25. Bxg7 Kxg7 26. Rd1 Rc8 27. f4 Kf6 28. Kf2 h6 29. h4 g5 30. hxg5+ hxg5 31. Ke3 Rh8 32. Be4 gxf4+ 33. Kxf4 e5+ 34. Kf3 Bxe4+ 35. Kxe4 Ke6 36. Rd2 f5+ 37. Kf3 Rg8 38. b4 Rg4 39. Rc2 Rd4 40. a4 Rd3+ 41. Kf2 Ra3 42. a5 Rb3 43. b5 axb5 44. cxb5 Rxb5 45. Ra2 Kf6 46. a6 bxa6 47. Rxa6+ Kg5 48. Ra8 Rb2+ 49. Ke3 Rb6 50. Rg8+ Rg6 51. Ra8 Kg4 52. Kf2 e4 53. Re8 Kg5 54. Ra8 Rd6 55. Rg8+ Kf6 56. Rf8+ Ke5 57. Re8+ Kd4 58. Ra8 Rd5 59. Ra4+ Ke5 60. Ra8 Rd2+ 61. Ke3 Rd3+ 62. Kf2 Rf3+ 63. Kg2 Rd3 64. Kf2 Kd4 65. Ra4+ Kc3 66. Ra3+ Kb2 67. Ra5 Rf3+ 68. Kg2 Kb3 69. Ra8 Kc4 70. Ra4+ Kd5 71. Ra5+ Ke6 72. Ra6+ Ke5 73. Ra5+ Kf6 74. Ra8 Rb3 75. Kf2 Rb2+ 76. Ke3 Rg2 77. Rg8 Rg1 78. Kf2 Rh1 79. Rf8+ Kg6 80. Rg8+ Kf7 81. Ra8 Rh2+ 82. Ke3 Rg2 83. Kf4 Rf2+ 84. Ke5 e3 85. Ra1 Kg6 86. Re1 e2 87. Kd4 Kg5 88. Ke3 Rf1 89. Kxe2 Rxe1+ 90. Kxe1 Kg4 91. Kf2 f4 92. gxf4 1/2-1/2

[Event "Warsaw Najdorf Memorial op-A 19th"]
[Site "Warsaw"]
[Date "2022.07.10"]
[Round "2"]
[White "Murchadha, Oissine"]
[Black "Hemmerling, Jaroslaw"]
[Result "0-1"]
[WhiteElo "1984"]
[BlackElo "1854"]
[PlyCount "153"]
[EventDate "2022.07.09"]
[EventType "swiss"]
[EventRounds "9"]
[EventCountry "POL"]
[SourceTitle "CBM 209 Extra"]
[Source "ChessBase"]
[SourceDate "2022.09.30"]
[SourceVersion "1"]
[SourceVersionDate "2022.09.30"]
[SourceQuality "1"]

1. e4 e6 2. d4 d5 3. Nc3 Nf6 4. e5 Nfd7 5. Nce2 c5 6. c3 Nc6 7. Nf3 cxd4 8. cxd4 Bb4+ 9. Bd2 Qb6 10. g3 0-0 11. Bg2 Bxd2+ 12. Qxd2 Qb4 13. 0-0 Qxd2 14. Nxd2 b6 15. Rfc1 Bb7 16. f4 Rfc8 17. Nf3 Nb4 18. Ne1 Ba6 19. Nc3 Nc6 20. Nf3 Nb4 21. Ne1 Nc6 22. Rd1 Na5 23. Rac1 Nc4 24. Bf1 Nxb2 25. Bxa6 Nxd1 26. Bxc8 Rxc8 27. Ne2 Rxc1 28. Nxc1 Nc3 29. Kf2 Nb8 30. Ke3 Nc6 31. Kd3 Nb5 32. Nc2 Kf8 33. a4 Nc7 34. Kc3 Ke7 35. Ne2 Kd7 36. Ne3 b5 37. axb5 Nxb5+ 38. Kd3 a5 39. Nc2 Kc7 40. Nc3 Nxc3 41. Kxc3 Kb6 42. Kb3 h5 43. Ka4 Ka6 44. Kb3 Kb5 45. Na3+ Ka6 46. Nc2 Na7 47. Ka4 Nb5 48. Kb3 Kb6 49. h3 Ka6 50. g4 hxg4 51. hxg4 g6 52. Kb2 a4 53. f5 gxf5 54. gxf5 exf5 55. Nb4+ Ka5 56. Nc6+ Kb6 57. Ne7 Nxd4 58. Nxd5+ Kc5 59. Nf4 Kb5 60. Ka3 Ka5 61. Ng2 Nc6 62. Ne3 Nxe5 63. Nxf5 Nc4+ 64. Ka2 Kb4 65. Ne7 Kc3 66. Nd5+ Kd4 67. Ne7 Ke4 68. Kb1 f5 69. Kc2 f4 70. Nc6 f3 71. Kd1 a3 72. Nb4 Nb2+ 73. Kd2 Nc4+ 74. Kd1 Ke3 75. Nc2+ Kf2 76. Kc1 Kg1 77. Nd4 0-1

[Event "IRL-ch 100th"]
[Site "Dublin"]
[Date "2021.08.03"]
[Round "4"]
[White "Murchadha, Oissine"]
[Black "Murray, Sam"]
[Result "1-0"]
[WhiteElo "1976"]
[BlackElo "1621"]
[PlyCount "69"]
[EventDate "2021.07.31"]
[EventType "swiss"]
[EventRounds "9"]
[EventCountry "IRL"]
[SourceTitle "CBM 203 Extra"]
[Source "ChessBase"]
[SourceDate "2021.09.30"]
[SourceVersion "1"]
[SourceVersionDate "2021.09.30"]
[SourceQuality "1"]

1. d4 d5 2. c4 Nc6 3. cxd5 Qxd5 4. e3 e5 5. Nc3 Bb4 6. a3 Bxc3+ 7. bxc3 exd4 8. cxd4 Nf6 9. Nf3 0-0 10. Bd3 Bg4 11. 0-0 Rfe8 12. Rb1 a6 13. Be2 b5 14. Qb3 Rab8 15. Qxd5 Nxd5 16. Bd2 Nd8 17. Bd3 Bxf3 18. gxf3 Ne6 19. Rfc1 Rec8 20. Rc6 Nb6 21. Rbc1 Rd8 22. Ba5 g6 23. Kg2 Kf8 24. Bb1 Ke8 25. Ba2 Nd5 26. Rxa6 Rbc8 27. Bb3 Nxd4 28. Bxd5 Rxd5 29. exd4 Rxd4 30. Rxc7 Rxc7 31. Bxc7 Kd7 32. Be5 Rc4 33. Bg7 Rc5 34. f4 Rf5 35. Rf6 1-0

[Event "Glorney Cup"]
[Site "Stirling"]
[Date "2014.08.04"]
[Round "1.6"]
[White "Murchadha, Oissine"]
[Black "Taylor, Adam C"]
[Result "1-0"]
[WhiteElo "1882"]
[BlackElo "2071"]
[PlyCount "107"]
[EventDate "2014.08.04"]
[EventType "team-tourn"]
[EventRounds "6"]
[EventCountry "SCO"]
[SourceTitle "CBM 162 Extra"]
[Source "ChessBase"]
[SourceDate "2014.10.17"]
[SourceVersion "1"]
[SourceVersionDate "2014.10.17"]
[SourceQuality "1"]
[WhiteTeam "Ireland"]
[BlackTeam "England"]
[WhiteTeamCountry "IRL"]
[BlackTeamCountry "ENG"]

1. e4 e5 2. Nf3 Nc6 3. Bb5 Nf6 4. 0-0 Nxe4 5. d4 Nd6 6. Bxc6 dxc6 7. dxe5 Nf5 8. Qxd8+ Kxd8 9. Nc3 Be6 10. h3 h6 11. Bf4 Bb4 12. Ne2 g5 13. Bh2 Ke7 14. c3 Bc5 15. g4 Ng7 16. Ng3 h5 17. Nxg5 hxg4 18. N3e4 Bb6 19. Nxe6 Nxe6 20. hxg4 Rh4 21. Nf6 Rh3 22. Kg2 Rd3 23. Rad1 Rad8 24. Rxd3 Rxd3 25. Ne4 Nc5 26. Nxc5 Bxc5 27. Bg3 Rd2 28. Rb1 a5 29. Kf1 Ke6 30. Ke1 Rd8 31. Ke2 Rg8 32. f3 Rh8 33. f4 Kd5 34. Kf3 Kc4 35. Rd1 a4 36. f5 a3 37. bxa3 Ra8 38. Rd7 Rxa3 39. Be1 Rxa2 40. Rxc7 Ra1 41. Ke2 Ra2+ 42. Bd2 Kd5 43. Rxb7 Kxe5 44. Rxf7 Ra4 45. g5 Rg4 46. g6 Ke4 47. g7 Rg2+ 48. Kd1 Bd6 49. f6 Kd3 50. Rd7 Rxd2+ 51. Ke1 Rg2 52. Rxd6+ Ke3 53. Re6+ Kf4 54. f7 1-0

[Event "Wch U16"]
[Site "Maribor"]
[Date "2012.11.18"]
[Round "11.58"]
[White "Murchadha, Oissine"]
[Black "Park, Hyukmin"]
[Result "1-0"]
[WhiteElo "1875"]
[BlackElo "1541"]
[PlyCount "61"]
[EventDate "2012.11.08"]
[EventType "swiss"]
[EventRounds "11"]
[EventCountry "SLO"]
[SourceTitle "EXT 2013"]
[Source "ChessBase"]
[SourceDate "2012.11.22"]
[SourceVersion "1"]
[SourceVersionDate "2012.11.22"]
[SourceQuality "1"]

1. e4 e6 2. d4 d5 3. Nc3 Nf6 4. e5 Nfd7 5. f4 c5 6. Nf3 Nc6 7. Be3 Qb6 8. a3 a6 9. Be2 cxd4 10. Nxd4 Bc5 11. Na4 Qa5+ 12. c3 Bxd4 13. Bxd4 Nxd4 14. Qxd4 Qc7 15. b4 b5 16. Nb2 Qb6 17. a4 Rb8 18. axb5 axb5 19. Ra5 Ba6 20. Kd2 Qxd4+ 21. cxd4 Rb6 22. Rha1 Nb8 23. Rxa6 Nxa6 24. Rxa6 Rxa6 25. Bxb5+ Ke7 26. Bxa6 Rb8 27. b5 h6 28. Na4 Ra8 29. Kc3 Kd8 30. Kb4 Kc7 31. Kc5 1-0

[Event "Wch U16"]
[Site "Maribor"]
[Date "2012.11.16"]
[Round "9.57"]
[White "Murchadha, Oissine"]
[Black "Shiau, Suen Wen"]
[Result "0-1"]
[WhiteElo "1875"]
[BlackElo "1772"]
[PlyCount "103"]
[EventDate "2012.11.08"]
[EventType "swiss"]
[EventRounds "11"]
[EventCountry "SLO"]
[SourceTitle "EXT 2013"]
[Source "ChessBase"]
[SourceDate "2012.11.22"]
[SourceVersion "1"]
[SourceVersionDate "2012.11.22"]
[SourceQuality "1"]

1. e4 c5 2. Nf3 g6 3. d4 cxd4 4. Nxd4 Bg7 5. c4 Nc6 6. Be3 Nf6 7. Nc3 d6 8. Be2 Bd7 9. 0-0 0-0 10. Rc1 Rc8 11. b3 a6 12. h3 Nxd4 13. Bxd4 Bc6 14. f3 Nd7 15. Kh1 Bxd4 16. Qxd4 Qb6 17. Qd2 a5 18. Rb1 Rfd8 19. f4 Nf6 20. Bf3 e6 21. f5 Kg7 22. h4 h6 23. Qf4 Qd4 24. Nb5 Bxb5 25. cxb5 Nd5 26. Qg3 Ne3 27. Rfe1 exf5 28. Rxe3 Qxe3 29. exf5 Rc1+ 30. Rxc1 Qxc1+ 31. Kh2 Qc5 32. fxg6 fxg6 33. Be4 Qe5 34. Qxe5+ dxe5 35. Bxb7 Kf6 36. g4 Rd2+ 37. Kg3 Rxa2 38. b6 Rc2 39. Bd5 Rc5 40. b7 Rb5 41. Kf3 Ke7 42. h5 gxh5 43. gxh5 Kd6 44. Ke4 Rb4+ 45. Bc4 Rxb7 46. Kf5 Rg7 47. Be2 Rg5+ 48. Ke4 Kc5 49. Bf3 Kb4 50. Bd1 Kc3 51. Ke3 Rg1 52. Bf3 0-1

[Event "Wch U16"]
[Site "Maribor"]
[Date "2012.11.15"]
[Round "8.49"]
[White "Markoja, Sebastijan"]
[Black "Murchadha, Oissine"]
[Result "1-0"]
[WhiteElo "2048"]
[BlackElo "1875"]
[PlyCount "77"]
[EventDate "2012.11.08"]
[EventType "swiss"]
[EventRounds "11"]
[EventCountry "SLO"]
[SourceTitle "EXT 2013"]
[Source "ChessBase"]
[SourceDate "2012.11.22"]
[SourceVersion "1"]
[SourceVersionDate "2012.11.22"]
[SourceQuality "1"]

1. e4 c5 2. Nf3 d6 3. d4 cxd4 4. Nxd4 Nf6 5. Nc3 a6 6. Bg5 e6 7. f4 Qb6 8. Nb3 Nbd7 9. Qf3 Be7 10. Bd3 Qc7 11. 0-0-0 h6 12. Bh4 g5 13. fxg5 Ne5 14. Qe2 Nfg4 15. Kb1 hxg5 16. Bg3 b5 17. a3 Bb7 18. Rhf1 Nxd3 19. cxd3 Ne5 20. Rc1 Qd7 21. Na5 Nc6 22. Nxc6 Bxc6 23. d4 Rb8 24. d5 Ba8 25. e5 0-0 26. exd6 Bxd6 27. Ne4 f5 28. Bxd6 fxe4 29. Bxf8 Rxf8 30. Rxf8+ Kxf8 31. dxe6 Qxe6 32. Qe3 Bd5 33. Rf1+ Ke8 34. Qc5 Ba2+ 35. Ka1 Bb3 36. Rf8+ Kd7 37. Qc8+ Kd6 38. Rd8+ Ke5 39. Re8 1-0

[Event "Wch U16"]
[Site "Maribor"]
[Date "2012.11.11"]
[Round "4.50"]
[White "Fiora, Emilio"]
[Black "Murchadha, Oissine"]
[Result "1/2-1/2"]
[WhiteElo "2007"]
[BlackElo "1875"]
[PlyCount "53"]
[EventDate "2012.11.08"]
[EventType "swiss"]
[EventRounds "11"]
[EventCountry "SLO"]
[SourceTitle "EXT 2013"]
[Source "ChessBase"]
[SourceDate "2012.11.22"]
[SourceVersion "1"]
[SourceVersionDate "2012.11.22"]
[SourceQuality "1"]

1. e4 c5 2. Nf3 d6 3. d4 cxd4 4. Nxd4 Nf6 5. Nc3 a6 6. Bc4 e6 7. Bb3 Nbd7 8. Bg5 Nc5 9. f4 Be7 10. Qf3 Qc7 11. 0-0 h6 12. Bh4 Nfxe4 13. Bxe7 Nxc3 14. f5 Nxb3 15. fxe6 Kxe7 16. Rae1 fxe6 17. axb3 Nb5 18. Qg4 Kd8 19. Nxe6+ Bxe6 20. Rxe6 Qd7 21. Rfe1 Nc7 22. Qh4+ g5 23. Qd4 Re8 24. Rxd6 Rxe1+ 25. Kf2 Re7 26. Rxd7+ Rxd7 27. Qh8+ 1/2-1/2

[Event "Wch U16"]
[Site "Maribor"]
[Date "2012.11.08"]
[Round "1.40"]
[White "Murchadha, Oissine"]
[Black "Le, Tuan Minh"]
[Result "0-1"]
[WhiteElo "1875"]
[BlackElo "2204"]
[PlyCount "80"]
[EventDate "2012.11.08"]
[EventType "swiss"]
[EventRounds "11"]
[EventCountry "SLO"]
[SourceTitle "EXT 2013"]
[Source "ChessBase"]
[SourceDate "2012.11.22"]
[SourceVersion "1"]
[SourceVersionDate "2012.11.22"]
[SourceQuality "1"]

1. e4 e6 2. d4 d5 3. Nc3 dxe4 4. Nxe4 Bd7 5. Bf4 Bc6 6. Ng3 Nf6 7. Qd2 Nbd7 8. 0-0-0 Bd6 9. Kb1 0-0 10. Nf3 Bxf3 11. gxf3 Bxf4 12. Qxf4 Nd5 13. Qd2 Qh4 14. Bd3 Rfd8 15. Ne4 Nf4 16. Rdg1 Nxd3 17. Qxd3 Nf6 18. Qe3 Rd5 19. Rg3 Rad8 20. c3 g6 21. Rhg1 Rf5 22. Qe1 b6 23. Qe2 c6 24. Re1 Nh5 25. Rg4 Qxh2 26. Qd1 Qc7 27. Rh1 Kh8 28. Ng5 Qe7 29. f4 f6 30. Nh3 c5 31. Qd2 cxd4 32. cxd4 Qb7 33. Rhg1 Qe4+ 34. Qc2 Qxc2+ 35. Kxc2 Rxd4 36. Kc3 Rd6 37. b4 Kg7 38. f3 Kf7 39. Re1 b5 40. Re4 Rfd5 0-1

[Event "Hastings Masters op 87th"]
[Site "Hastings"]
[Date "2012.01.03"]
[Round "7"]
[White "Murchadha, Oissine"]
[Black "Barton, R Alan"]
[Result "0-1"]
[WhiteElo "1846"]
[BlackElo "2073"]
[PlyCount "82"]
[EventDate "2011.12.28"]
[EventType "swiss"]
[EventRounds "9"]
[EventCountry "ENG"]
[SourceTitle "CBM 146 Extra"]
[Source "ChessBase"]
[SourceDate "2012.02.29"]
[SourceVersion "1"]
[SourceVersionDate "2012.02.29"]
[SourceQuality "1"]

1. e4 d5 2. exd5 Qxd5 3. Nc3 Qa5 4. d4 c6 5. Nf3 Nf6 6. Bd2 Bf5 7. Bc4 e6 8. 0-0 Bb4 9. Re1 Nbd7 10. a3 Bxc3 11. Bxc3 Qc7 12. b4 b5 13. Bb3 0-0 14. Bb2 a5 15. Nh4 Bg4 16. f3 Bh5 17. g3 axb4 18. axb4 Nd5 19. Qd2 Qd6 20. c3 N7b6 21. f4 Rxa1 22. Bxa1 Ra8 23. Bb2 Qd8 24. Re5 Bg6 25. Nxg6 hxg6 26. Re1 Na4 27. Ba1 Ra7 28. Rb1 Nab6 29. Bb2 Qa8 30. h4 Na4 31. c4 bxc4 32. Bxc4 Nxb2 33. Bxd5 exd5 34. Rxb2 Qe8 35. Rb3 Ra1+ 36. Kg2 Qe4+ 37. Rf3 Ra3 38. Qf2 Rc3 39. Qf1 f5 40. Qd1 Re3 41. Qf1 Kh7 0-1

[Event "Hastings Masters op 87th"]
[Site "Hastings"]
[Date "2011.12.29"]
[Round "2"]
[White "Murchadha, Oissine"]
[Black "Bremner, Adam"]
[Result "0-1"]
[WhiteElo "1846"]
[BlackElo "2195"]
[PlyCount "82"]
[EventDate "2011.12.28"]
[EventType "swiss"]
[EventRounds "9"]
[EventCountry "ENG"]
[SourceTitle "CBM 146 Extra"]
[Source "ChessBase"]
[SourceDate "2012.02.29"]
[SourceVersion "1"]
[SourceVersionDate "2012.02.29"]
[SourceQuality "1"]

1. e4 c5 2. Nf3 Nc6 3. d4 cxd4 4. Nxd4 Nf6 5. Nc3 g6 6. Be2 Bg7 7. Be3 0-0 8. Nb3 a5 9. a4 d5 10. exd5 Nb4 11. Bf3 Bf5 12. Nd4 Qd7 13. 0-0 Rfd8 14. d6 exd6 15. Nxf5 Qxf5 16. Rc1 d5 17. Nb5 h5 18. h3 Nc6 19. Nd4 Qd7 20. b3 Ne5 21. Bf4 Nxf3+ 22. Nxf3 Ne4 23. c4 Nc3 24. Rxc3 Bxc3 25. Qc2 Bf6 26. cxd5 Rac8 27. Qb1 Qxd5 28. Be3 Rc3 29. Nd2 Bg7 30. Nc4 b5 31. axb5 Qxb5 32. Rd1 Rxd1+ 33. Qxd1 Rxb3 34. Qd8+ Kh7 35. Nd2 Rd3 36. Qc7 Rd7 37. Qc8 h4 38. Nf3 Rd1+ 39. Kh2 Be5+ 40. Nxe5 Qxe5+ 41. f4 Qxe3 0-1

[Event "GBR-ch Major 98th"]
[Site "Sheffield"]
[Date "2011.07.30"]
[Round "6"]
[White "Murchadha, Oissine"]
[Black "Webster, Richard J"]
[Result "1-0"]
[WhiteElo "1796"]
[BlackElo "1987"]
[PlyCount "55"]
[EventDate "2011.07.25"]
[EventType "swiss"]
[EventRounds "11"]
[EventCountry "ENG"]
[SourceTitle "EXT 2012"]
[Source "ChessBase"]
[SourceDate "2011.11.24"]
[SourceVersion "1"]
[SourceVersionDate "2011.11.24"]
[SourceQuality "1"]

1. e4 c6 2. d4 d5 3. Nc3 dxe4 4. Nxe4 Bf5 5. Ng3 Bg6 6. h4 h6 7. Nf3 Nf6 8. h5 Bh7 9. Bd3 Bxd3 10. Qxd3 Qa5+ 11. Bd2 Qa6 12. c4 e6 13. Ne5 Nbd7 14. Nxd7 Nxd7 15. 0-0 Rd8 16. Qe2 Nf6 17. Nf5 Rd5 18. Ng3 Rxd4 19. Bc3 Rh4 20. Qe5 Nd7 21. Qc7 Qb6 22. Qc8+ Qd8 23. Qxb7 Bd6 24. Rad1 Bxg3 25. fxg3 Rxc4 26. Ba5 Qg5 27. Qxd7+ Kf8 28. Qd8+ 1-0